000 nam a22 7a 4500
999 _c234412
_d234412
003 Nust
005 20170320152303.0
008 170320b xxu||||| |||| 00| 0 eng d
020 _a81-7754-091-2
040 _cASAB
082 _a553.7
245 _awater in relation to soils and plants
_cby O.P. Gupta
300 _a163 p
942 _2ddc
_cBK